Essentials of Nursing Management and Leadership Semester-VI (Record no. 370157)
[ view plain ]
| 000 -LEADER | |
|---|---|
| fixed length control field | 01206nam a22001937a 4500 |
| 003 - CONTROL NUMBER IDENTIFIER | |
| control field | OSt |
| 005 - DATE AND TIME OF LATEST TRANSACTION | |
| control field | 20260127162232.0 |
| 008 - FIXED-LENGTH DATA ELEMENTS--GENERAL INFORMATION | |
| fixed length control field | 260127b |||||||| |||| 00| 0 eng d |
| 020 ## - INTERNATIONAL STANDARD BOOK NUMBER | |
| International Standard Book Number | 9789366166759 |
| 041 ## - LANGUAGE CODE | |
| Language code of text/sound track or separate title | Eng |
| 082 ## - DEWEY DECIMAL CLASSIFICATION NUMBER | |
| Edition number | 3rd |
| Classification number | 610.6/CLE |
| 100 ## - MAIN ENTRY--PERSONAL NAME | |
| Personal name | CLEMENT NISHA |
| 245 ## - TITLE STATEMENT | |
| Title | Essentials of Nursing Management and Leadership Semester-VI |
| 260 ## - PUBLICATION, DISTRIBUTION, ETC. (IMPRINT) | |
| Place of publication, distribution, etc. | New Delhi |
| Name of publisher, distributor, etc. | Jaypee Brothers Medical Publishers |
| Date of publication, distribution, etc. | 2025 |
| 300 ## - PHYSICAL DESCRIPTION | |
| Extent | 638 P |
| 500 ## - GENERAL NOTE | |
| Keywords | Offers clear and succinct insights into the latest concepts and trends in nursing leadership and management.<br/>Supplies reliable administrative knowledge, best practices, and specific tools necessary for confidently navigating new developments in the nursing management field.<br/>Serves as a vital and beneficial resource for nurse leaders, healthcare planners, and policymakers.<br/>Valuable for nursing students, hospital examiners, and public health administrators.<br/>This book will greatly benefit nursing students and professionals in effectively managing patient care areas.<br/>Equips students to cultivate leadership skills and fulfill their roles as effective leaders within an organization.<br/> |
| 610 ## - SUBJECT ADDED ENTRY--CORPORATE NAME | |
| Corporate name or jurisdiction name as entry element | Administration |
| 9 (RLIN) | 216493 |
| 942 ## - ADDED ENTRY ELEMENTS (KOHA) | |
| Source of classification or shelving scheme | Dewey Decimal Classification |
| Koha item type | Donated Book |
| Withdrawn status | Lost status | Source of classification or shelving scheme | Damaged status | Not for loan | Home library | Current library | Date acquired | Vendor | Cost, normal purchase price | Bill number | Total Checkouts | Full call number | Barcode | Checked out | Date last seen | Date last checked out | Cost, replacement price | Bill Date | Koha item type |
|---|---|---|---|---|---|---|---|---|---|---|---|---|---|---|---|---|---|---|---|
| Dewey Decimal Classification | Sitabai Nargundkar College of Nursing Nagpur | Sitabai Nargundkar College of Nursing Nagpur | 23/01/2026 | Donated BY Switi Kolhe | 895.00 | IK#2025-26#00913 | 1 | 610.6 CLE | SNCN-DB-357 | 16/02/2026 | 16/02/2026 | 16/02/2026 | 895.00 | 27/01/2026 | Donated Book |